000 00544nam a2200205Ia 4500
001 45746
008 140428s9999 xx 000 0 und d
020 _aNA
040 _cPK-LaUMT
082 _aRHC 891.4394
_bABU-K
100 _aAbual Imtiaz
245 _aKoozah gir-e-jehaan-e-fan (Urdu)
_cAbual Imtiaz<>Afaq Siddiqui<>Rauf Niaz
260 _aLahore,Pakistan:
_bAl-Qamar Enterprises,
_c2003
300 _a439 p.
546 _aUR
650 _aPakistan literature-Urdu
700 _aAfaq Siddiqui
700 _aRauf Niaz
942 _cBK
999 _c43714
_d43714